1222 1002 1048 1911 1884 1308 1491 1310 1208 1301 1343 1611 1149 1001 1096 1343 1441 1917 1895 1140 1019 1756 1510 1432 1973 1682 1022 1076 1792 1231 1638 1206 1921 1568 1950 1592 1156 1480 1413 1385 1645 1701 1360 1839 1856 1040 1644 1572 1369 1379 1849 1288 1318 1672 1679 1116 1123 1991 1596 1635 1899 1945 1922 1107 1657 1610 1456 1511 1665 1505 1239 1668 1440 1846 1487 1487 1156 1928 1948 1369 1521 1109 1877 1751 1803 1886 1879 1404 1212 1354 1731 1085 1272 1966 1048 1824 1313 1546 1554 BCNSPRNW ULIB Ver.6.0+V

เปลี่ยนเป็นภาษาไทย

Change to English
 แสดงรายละเอียดบรรณานุกรม
  กลับหน้าหลัก

Brief Record : Get Marc (ISO 2709) : E-mail record : QR code < ปิดหน้าต่าง
LEADER : 00000nam 2200000uu 4500
001    13399123374
003     ULIB
008    140901s2530||||th 000 0 tha d
099    วจ WY85^bร271ก
100 0  ระจิตร์ นิคมรัฎ, สุจินต์ ยมศรีเดช, สุวลักษณ์ ตั้งประดิษฐ์ และอุษา ผูกเกษร
245 00 การศึกษาคุณลักษณะทางจริยธรรมของนักศึกษาวิทยาลัยพยาบาลสวรรค์ประชารักษ์ นครสวรรค์/^cระจิตร์ นิคมรัฎ, สุจินต์ ยมศรีเดช, สุวลักษณ์ ตั้งประดิษฐ์ และอุษา ผูกเกษร
260    นครสวรรค์ :^bวิทยาลัยพยาบาลสวรรค์ประชารักษ์ นครสวรรค์,^c2530
300    66 หน้า
650  0 จริยธรรมทางการการพยาบาล^xวิจัย
945    ^p0^l0^i009033
999    ^aเกษร โพธิ์สุวรรณ
รายการนี้ยังไม่มีแท็ก
คุณยังไม่ได้ล็อกอิน คุณสามารถมีกิจกรรมร่วมกับเว็บไซต์ได้ แต่ต้องล็อกอินก่อน ::
  ล็อกอิน

รายการสื่อสารสนเทศ

ลำดับที่ ประเภท เลขเรียก/บาร์โค้ด สถานที่ สถานะ
1. งานวิจัย
งานวิจัย
วจ WY85 ร271ก ฉ.1 
  Barcode: 009033
ห้องสมุดวิทยาเขตสวรรค์ประชารักษ์
►วิจัย
บนชั้น

BibComment


ยังไม่เคยถูกคอมเมนท์

คอมเมนท์ทรัพยากรรายการนี้
  คอมเมนท์: การศึกษาคุณลักษณะ..


 Copyright 2026. Bcnsprnw @Library